Lake Spark. 2, Stojí za pokus /

Jedna neuvážená noc s nepřítelem a nebezpečné video přinutí hlavní hrdinku ukrýt se s charismatickým baseballistou v jeho domě u jezera. Pokračování série z řady erotických romancí americké autorky.

Uloženo v:
Série:Lake Spark, část 2
Hlavní autor: Lyon, Evey (Autor)
Další autoři: Pacnerová, Jana, 1955- (Autor)
Médium: Kniha
Jazyk:Czech
Vydáno: V Praze : Baronet, 2026
Vydání:1. vydání
Témata:
Celkem bylo vypůjčeno:1x
Příbuzné jednotky:Z cyklu:: Lake Spark
Tagy:
Žádné tagy
LEADER 02418nam a2200481 i 4500
001 106501
003 CZ PrNK
005 20260604173349.0
007 ta
008 260513s2026 xr e 000 f cze
015 |a cnb003756963 
020 |a 9788026928904  |q (brožováno) :  |c Kč 399,00 
040 |a ABG001  |b cze  |e rda 
041 1 |a cze  |h eng 
072 7 |a 821.111(73)-3  |x Americká próza  |2 Konspekt  |9 25 
080 |a 821.111(73)-31  |2 MRF 
080 |a (0:82-312.5)  |2 MRF 
080 |a (0:82-993)  |2 MRF 
100 1 |a Lyon, Evey  |7 jo20261289455  |4 aut  |9 117234 
240 1 0 |a Worth the chance.  |l Česky 
245 1 0 |a Lake Spark.  |n 2,  |p Stojí za pokus /  |c Evey Lyon ; z anglického originálu Worth the chance ... přeložila Jana Pacnerová 
246 3 0 |a Stojí za pokus 
250 |a 1. vydání 
264 1 |a V Praze :  |b Baronet,  |c 2026 
300 |a 259 stran ;  |c 20 cm 
336 |a text  |b txt  |2 rdacontent 
337 |a bez média  |b n  |2 rdamedia 
338 |a svazek  |b nc  |2 rdacarrier 
520 2 |a Jedna neuvážená noc s nepřítelem a nebezpečné video přinutí hlavní hrdinku ukrýt se s charismatickým baseballistou v jeho domě u jezera. Pokračování série z řady erotických romancí americké autorky.  |b Natočit odvázané video se svým nepřítelem, navíc miláčkem baseballu Spencerem, nebyl můj nejlepší nápad. Tvrdil, že ho smazal. O pár měsíců později ale přijde s tím, že máme problém - a řešení? Skrýt se před médii v jeho domě u jezera. Tam zjistím, že je sexy svobodný táta roztomilé holčičky. Mezi hádkami a pohledy, které trvají déle, si přestávám být jistá, kde končí nepřátelství a začíná něco víc. Nakladatelská anotace. 
546 |a Český text 
655 7 |a americké romány  |7 fd131796  |2 czenas  |9 53403 
655 7 |a milostné romány  |7 fd132840  |2 czenas  |9 53718 
655 7 |a erotické romány  |7 fd132211  |2 czenas  |9 53580 
655 9 |a American fiction  |2 eczenas 
655 9 |a love novels  |2 eczenas 
655 9 |a erotic novels  |2 eczenas 
700 1 |a Pacnerová, Jana,  |d 1955-  |7 jn20000810168  |4 trl  |9 21383 
710 2 |a Baronet (nakladatelství)  |7 xx0220126  |4 pbl  |9 117170 
787 0 8 |i Z cyklu:  |t Lake Spark  |g 2 
910 |a UOG502 
942 |2 ddc  |c KN 
999 |d 106501 
993 |0 0  |1 421180107221  |2 ddc  |4 0  |7 0  |9 99945  |b 0  |c 107221  |d 2026-06-04  |e 1  |f DOSP  |h 399.00  |i Koupě  |l DOSP  |q 2026-07-17  |r 2026-06-05  |s 2026-06-05  |t 6  |w 2026-06-04  |y KN  |z BELET  |n